[Event "World ol U16"]
[Site "Ulaanbaatar"]
[Date "2015.08.25"]
[Round "7.3"]
[White "Khadzhiyev, Imerali"]
[Black "Zhong, Joey"]
[Result "0-1"]
[WhiteElo "1860"]
[BlackElo "1924"]
[PlyCount "71"]
[EventDate "2015.08.20"]
[EventType "team-swiss"]
[EventRounds "9"]
[EventCountry "MGL"]
[SourceTitle "EXT 2016"]
[Source "ChessBase"]
[SourceDate "2015.10.08"]
[SourceVersion "1"]
[SourceVersionDate "2015.10.08"]
[SourceQuality "1"]
[WhiteTeam "Kazakhstan II"]
[BlackTeam "Canada"]
[WhiteTeamCountry "KAZ"]
[BlackTeamCountry "CAN"]

1. e4 c5 2. Nc3 e6 3. g3 d5 4. exd5 exd5 5. Bg2 Nf6 6. d3 d4 7. Ne4 Nxe4 8. dxe4 Be7 9. Ne2 Nc6 10. 0-0 0-0 11. Nf4 Bg5 12. Re1 Ne5 13. h3 Re8 14. Qh5 b6 15. Ne6 Rxe6 16. Bxg5 f6 17. Bf4 Bb7 18. Rad1 Qe7 19. Qe2 Re8 20. Bd2 Nf7 21. f3 f5 22. Qd3 fxe4 23. fxe4 Bxe4 24. Bxe4 Rxe4 25. Qb5 Qe5 26. Kf2 Qf5+ 27. Kg1 Nd6 28. Qc6 Qe5 29. Kf2 Re2+ 30. Kf1 Nf5 31. Qf3 Nxg3+ 32. Kg1 Rf8 33. Qg4 h5 34. Qh4 Nf5 35. Rxe2 Qxe2 36. Rf1 0-1

[Event "World ol U16"]
[Site "Ulaanbaatar"]
[Date "2015.08.20"]
[Round "1.3"]
[White "Maghsoodloo, Parham"]
[Black "Khadzhiyev, Imerali"]
[Result "1-0"]
[WhiteElo "2416"]
[BlackElo "1860"]
[PlyCount "53"]
[EventDate "2015.08.20"]
[EventType "team-swiss"]
[EventRounds "9"]
[EventCountry "MGL"]
[SourceTitle "EXT 2016"]
[Source "ChessBase"]
[SourceDate "2015.10.08"]
[SourceVersion "1"]
[SourceVersionDate "2015.10.08"]
[SourceQuality "1"]
[WhiteTeam "Iran"]
[BlackTeam "Kazakhstan II"]
[WhiteTeamCountry "IRI"]
[BlackTeamCountry "KAZ"]

1. Nf3 Nf6 2. c4 e6 3. Nc3 d5 4. d4 b6 5. Bg5 Be7 6. e3 0-0 7. Bd3 Bb7 8. 0-0 Nbd7 9. Rc1 c6 10. Qe2 Ne4 11. Bxe7 Nxc3 12. Bxh7+ Kh8 13. Rxc3 Qxe7 14. cxd5 exd5 15. Bf5 Rfe8 16. Bxd7 Qxd7 17. Ne5 Rxe5 18. dxe5 Qf5 19. f4 c5 20. Rd1 Re8 21. b4 c4 22. b5 Re6 23. Qc2 Qxc2 24. Rxc2 f6 25. e4 dxe4 26. Rd7 Bc8 27. Rd8+ 1-0